Assured shorthold tenancy agreement updated (Record no. 71613)
[ view plain ]
| 000 -LEADER | |
|---|---|
| fixed length control field | 01397cam a2200229 4500 |
| 001 - CONTROL NUMBER | |
| control field | WB3843-12 |
| 008 - FIXED-LENGTH DATA ELEMENTS--GENERAL INFORMATION | |
| fixed length control field | 021121n2002 000 0 eng u |
| 035 ## - SYSTEM CONTROL NUMBER | |
| System control number | (Sirsi) u120537 |
| 245 ## - TITLE STATEMENT | |
| Title | Assured shorthold tenancy agreement updated |
| 260 ## - PUBLICATION, DISTRIBUTION, ETC. | |
| Date of publication, distribution, etc. | 2002 |
| 490 ## - SERIES STATEMENT | |
| Series statement | RICS News Service |
| Volume/sequential designation | 20 November 2002, (1) |
| 520 ## - SUMMARY, ETC. | |
| Summary, etc. | The "Assured shorthold model tenancy" has been updated after detailed guidance from the Office of Fair Trading (OFT) arising from the Unfair terms in consumer contracts regulations 1999 which have serious implications for the private rented sector. The tenancy agreement has been completely re-written in clear and plain English avoiding the use of any unfair and therefore unenforceable terms.The agreement is also now available in electronic format (Word file) as well as printed form (pack of 10) at £22.50 + VAT from RICS Books online http://www.ricsbooks.com, [email protected] or t +44 (0)20 7222 7000 (ask for mail order). http://www.rics.org/ricscms/bin/show?class=News&template=/includes/shownews.html&id=4238&faculty=RICS |
| 590 ## - LOCAL NOTE (RLIN) | |
| Local note | WB |
| 650 ## - SUBJECT ADDED ENTRY--TOPICAL TERM | |
| Topical term or geographic name entry element | UNFAIR TERMS IN CONSUMER CONTRACTS REGULATIONS 1999 |
| 650 ## - SUBJECT ADDED ENTRY--TOPICAL TERM | |
| Topical term or geographic name entry element | RICS |
| 650 ## - SUBJECT ADDED ENTRY--TOPICAL TERM | |
| Topical term or geographic name entry element | ASSURED SHORTHOLD TENANCIES |
| 650 ## - SUBJECT ADDED ENTRY--TOPICAL TERM | |
| Topical term or geographic name entry element | MODEL AGREEMENTS |
| 650 ## - SUBJECT ADDED ENTRY--TOPICAL TERM | |
| Topical term or geographic name entry element | OFT |
| 650 ## - SUBJECT ADDED ENTRY--TOPICAL TERM | |
| Topical term or geographic name entry element | OFT |
| 690 ## - LOCAL SUBJECT ADDED ENTRY--TOPICAL TERM (OCLC, RLIN) | |
| Topical term or geographic name as entry element | PROPERTY-RESIDENTIAL PROPERTY-RESIDENTIAL LANDLORD AND TENANT-RESIDENTIAL TENANCIES |
| 942 ## - ADDED ENTRY ELEMENTS (KOHA) | |
| Suppress in OPAC | 0 |
| Withdrawn status | Lost status | Source of classification or shelving scheme | Damaged status | Not for loan | Home library | Current library | Shelving location | Date acquired | Total Checkouts | Full call number | Barcode | Date last seen | Copy number | Price effective from | Koha item type |
|---|---|---|---|---|---|---|---|---|---|---|---|---|---|---|---|
| Dewey Decimal Classification | London | London | News article | 21/11/2002 | WB3843-12 | 120537-1001 | 06/08/2019 | 1 | 06/08/2019 | News article |